Statistics for Oscar Best Actresses Quiz

Click here to take the quiz!

General Stats

  • This quiz has been taken 66,640 times
    (1,609 since last reset)
  • The average score is 41 of 77

Answer Stats

Years Movies Actress % Correct
1983, 2012Sophie's Choice, The Iron LadyMeryl Streep
94%
2011Black SwanNatalie Portman
90%
2001Erin BrockovichJulia Roberts
90%
1989, 1992The Accused, The Silence of the LambsJodie Foster
88%
2017La La LandEmma Stone
86%
1934, 1968, 1969, 1982Morning Glory, Guess Who's Coming to Dinner, The Lion in Winter, On Golden PondKatharine Hepburn
84%
1954Roman HolidayAudrey Hepburn
84%
2002Monster's BallHalle Berry
84%
2013Silver Linings PlaybookJennifer Lawrence
84%
2000, 2005Boys Don't Cry, Million Dollar BabyHilary Swank
82%
2020JudyRenée Zellweger
81%
2010The Blind SideSandra Bullock
80%
1965Mary PoppinsJulie Andrews
78%
1999Shakespeare in LoveGwyneth Paltrow
78%
2004MonsterCharlize Theron
78%
2006Walk the LineReese Witherspoon
78%
2007The QueenHelen Mirren
76%
2003The HoursNicole Kidman
73%
2014Blue JasmineCate Blanchett
72%
1973CabaretLiza Minnelli
71%
1997, 2018Fargo, Three Billboards Outside Ebbing, MissouriFrances McDormand
71%
2009The ReaderKate Winslet
71%
1988MoonstruckCher
70%
1998As Good as It GetsHelen Hunt
70%
1991MiseryKathy Bates
70%
1961, 1967Who's Afraid of Virginia Woolf?, BUtterfield 8Elizabeth Taylor
69%
1978Annie HallDiane Keaton
68%
1969Funny GirlBarbra Streisand
66%
1972, 1979Klute, Coming HomeJane Fonda
66%
2015Still AliceJulianne Moore
65%
2016RoomBrie Larson
64%
2019The FavouriteOlivia Colman
62%
1996Dead Man WalkingSusan Sarandon
62%
1940, 1952Gone with the Wind, A Streetcar Named DesireVivien Leigh
61%
1936, 1939Dangerous, JezebelBette Davis
59%
1980, 1985Norma Rae, Places in the HeartSally Field
58%
2008La Vie en RoseMarion Cotillard
56%
1993Howards EndEmma Thompson
54%
1981Coal Miner's DaughterSissy Spacek
54%
1970The Prime of Miss Jean BrodieMaggie Smith
53%
1994The PianoHolly Hunter
52%
1990Driving Miss DaisyJessica Tandy
50%
1945, 1957Gaslight, AnastasiaIngrid Bergman
49%
1955The Country GirlGrace Kelly
47%
1984Terms of EndearmentShirley MacLaine
46%
1946Mildred PierceJoan Crawford
44%
1977NetworkFaye Dunaway
43%
1971, 1974Women in Love, A Touch of ClassGlenda Jackson
41%
1995Blue SkyJessica Lange
41%
1962Two WomenSophia Loren
39%
1947, 1950To Each His Own, The HeiressOlivia de Havilland
39%
1987Children of a Lesser GodMarlee Matlin
38%
1944The Song of BernadetteJennifer Jones
36%
1976One Flew Over the Cuckoo's NestLouise Fletcher
33%
1963The Miracle WorkerAnne Bancroft
33%
1935It Happened One NightClaudette Colbert
32%
1941Kitty FoyleGinger Rogers
31%
1975Alice Doesn't Live Here AnymoreEllen Burstyn
31%
1966DarlingJulie Christie
30%
1942SuspicionJoan Fontaine
30%
1943Mrs. MiniverGreer Garson
27%
1986The Trip to BountifulGeraldine Page
27%
1958The Three Faces of EveJoanne Woodward
26%
1959I Want to Live!Susan Hayward
25%
1937, 1938The Great Ziegfeld, The Good EarthLuise Rainer
25%
1930CoquetteMary Pickford
25%
1964HudPatricia Neal
24%
1951Born YesterdayJudy Holliday
24%
1949Johnny BelindaJane Wyman
24%
1948The Farmer's DaughterLoretta Young
23%
1960Room at the TopSimone Signoret
23%
1956The Rose TattooAnna Magnani
22%
1933The Sin of Madelon ClaudetHelen Hayes
22%
1929Seventh Heaven, Street Angel, SunriseJanet Gaynor
21%
1953Come Back, Little ShebaShirley Booth
21%
1931The DivorceeNorma Shearer
20%
1932Min and BillMarie Dressler
19%

Score Distribution

Percentile by Number Answered

Percent of People with Each Score

Your Score History

You have not taken this quiz since the last reset